Introducción a la teoria del delito : (Registro nro. 19787)

Detalles MARC
000 -LEADER
fixed length control field 01131nam a2200289 4500
001 - CONTROL NUMBER
control field 0000020222
003 - CONTROL NUMBER IDENTIFIER
control field CO-CtgCURN
005 - DATE AND TIME OF LATEST TRANSACTION
control field 20250331184436.0
007 - PHYSICAL DESCRIPTION FIXED FIELD--GENERAL INFORMATION
fixed length control field ta
008 - FIXED-LENGTH DATA ELEMENTS--GENERAL INFORMATION
fixed length control field 160627s2002 000 0 eng d
020 ## - INTERNATIONAL STANDARD BOOK NUMBER
International Standard Book Number 9586904024
040 ## - CATALOGING SOURCE
Original cataloging agency CO-CtgCURN
Language of cataloging spa
Transcribing agency coctgcurn
082 0# - DEWEY DECIMAL CLASSIFICATION NUMBER
Classification number 345.02
Item number G87i
100 1# - MAIN ENTRY--PERSONAL NAME
Personal name Gutierrez Ramírez, José Antonio.
245 10 - TITLE STATEMENT
Title Introducción a la teoria del delito :
Remainder of title en el nuevo Código penal /
Statement of responsibility, etc. José Antonio Gutierrez Ramírez.
260 ## - PUBLICATION, DISTRIBUTION, ETC.
Place of publication, distribution, etc. Bogotá :
Name of publisher, distributor, etc. Leyer,
Date of publication, distribution, etc. 2002.
300 ## - PHYSICAL DESCRIPTION
Extent 142 p.
336 ## - CONTENT TYPE
Source rdacontent
337 ## - MEDIA TYPE
Source rdamedia
Media type term sin mediacion
Media type code n
338 ## - CARRIER TYPE
Source rdacarrier
Carrier type term volumen
Carrier type code nc
504 ## - BIBLIOGRAPHY, ETC. NOTE
Bibliography, etc. note Bibliografia p. 141-142)
505 8# - FORMATTED CONTENTS NOTE
Formatted contents note Como nacen los institutos dogmaticos.--Esquema clasico.--Esquema neoclasico.--Esquema finalista.--Resumen representativo del esquema causalista y finalista.--Algunos conceptos en las dos corrientes principales modernas finalismo y causalismo.--Imputacion objetiva
650 14 - SUBJECT ADDED ENTRY--TOPICAL TERM
Topical term or geographic name entry element Delitos.
908 ## - PUT COMMAND PARAMETER (RLIN)
Put command parameter 160627
942 ## - ADDED ENTRY ELEMENTS (KOHA)
Koha item type Libros
Classification part 345.02
Item part G87i
Source of classification or shelving scheme Dewey Decimal Classification
Existencias
Withdrawn status Lost status Source of classification or shelving scheme Damaged status Not for loan Collection Home library Current library Shelving location Date acquired Inventory number Total checkouts Full call number Barcode Date last seen Copy number Price effective from Koha item type Public note
    Dewey Decimal Classification     General Miguel Henríquez Castañeda Miguel Henríquez Castañeda General 03/31/2025 013188   345.02 G87i 013188 03/31/2025 ej.1 03/31/2025 Libros 340-DEREC